日本で販売されたスマホ(2025年) - Statistics

General Stats
  • This quiz has been taken 14 times
  • The average score is 3 of 48
Answer Stats
メーカー 機種名 備考 % Correct
Apple iPhone 17
92%
Apple iPhone 17 Pro
75%
Apple iPhone 17 Pro Max
58%
Samsung Galaxy S25
25%
Samsung Galaxy S25 Ultra
25%
Apple iPhone 17 Air
17%
Nothing Nothing phone 3 ()は省略
17%
SHARP AQUOS wish5 上に同じ
8%
Google Google Pixel 10 Pro
8%
Google Google Pixel 9a
8%
Nothing Nothing Phone 3a ()は省略
8%
FCNT らくらくスマートフォン 上に同じ
0%
SHARP AQUOS R10 鴻海傘下
0%
FCNT arrows Alpha Lenovo傘下
0%
Samsung Galaxy A25
0%
Samsung Galaxy A36
0%
Samsung Galaxy Z Flip 7
0%
Samsung Galaxy Z Fold 7
0%
Google Google Pixel 10 Pro Fold
0%
Google Google Pixel 10 Pro XL
0%
Google Google Pixle 10
0%
motorola motorola edge 60 Pro
0%
motorola motorola g05
0%
motorola motorola g66j
0%
motorola motorola razr 60
0%
motorola motorola razr 60 ultra
0%
ZTE Nubia Flip 2
0%
ZTE Nubia S
0%
ZTE Nubia Z70 Ultra
0%
OPPO OPPO A5x
0%
OPPO OPPO Find X9
0%
OPPO OPPO Find X9 Pro
0%
OPPO OPPO Reno 13 A
0%
Xiaomi POCO F7 上に同じ
0%
Xiaomi POCO F7 Pro 上に同じ
0%
Xiaomi POCO F7 Ultra 上に同じ
0%
Xiaomi POCO M7 Pro 上に同じ
0%
Xiaomi POCO X7 Pro サブブランド
0%
ZTE Redmagic 10 Air 上に同じ
0%
ZTE Redmagic 10 pro サブブランド
0%
Xiaomi Redmi Note 14 Pro
0%
ASUS ROG Phone 9
0%
Xiaomi Xiaomi 15T
0%
Xiaomi Xiaomi 15T Pro
0%
Xiaomi Xiaomi 15 Ultra
0%
Sony Xperia 1 Ⅶ
0%
Sony Xperia 10 Ⅶ
0%
ASUS Zenfone 12 Ultra
0%
No matching quizzes found
Score Distribution
Percent of People with Each Score
Percentile by Number Answered
Your Score History
You have not taken this quiz